| 000 | 00958nam a22002417a 4500 | ||
|---|---|---|---|
| 005 | 20170801110123.0 | ||
| 010 | _a1617EN ENG-117125 | ||
| 020 |
_a9781138236240 _c995.00 |
||
| 035 | _aB-649314-318 | ||
| 035 | _aEN-100657 | ||
| 035 | _aB-667266 | ||
| 037 |
_aDPL _bAAKAR |
||
| 082 | _a801 | ||
| 245 |
_aGlobal literary theory: _ced by Richard J.Lane _ba anthology / |
||
| 260 |
_aNew York _bRoutledge _c2016 |
||
| 270 |
_a711 third avenue _bNew York _eNY 10017 |
||
| 300 |
_axxxi,936p. _c25cm(pbk) _bill. |
||
| 500 | _aincluds index | ||
| 700 | _aLane, Richard J. | ||
| 942 |
_2ddc _cEN _h801 _mGLO |
||
| 999 |
_c102161 _d102161 |
||